00815nam a2200265 4500003000400000005001700004008004100021040001800062050002200080100004000102245003200142250001700174260003200191300002500223336002200248337002400270338002400294500006400318650003900382650003000421650003400451650003500485942001200520999001700532OSt20260530113851.0260421b1979 enk |||| |||| 00| 0 eng d aICIbspacICI aHD4904b.S38 19791 aSchumacher, E. F.d1911-197793121010aGood workbE. F. Schumacher a1a edición aLondonbJonathan Capec1979 a147 páginasc20cm. atexto2rdacontent asin medio2rdamedia avolumen2rdacarrier aColección de ensayos sobre economía, trabajo y sociedad aTrabajoxAspectos sociales.931211 aEconomía humana.931212 aDesarrollo sostenible.931213 aResponsabilidad social.931214 2lcccBK c11452d11452